| 000 | 00708cab a2200241 4500 | ||
|---|---|---|---|
| 001 | ABS60631 | ||
| 008 | 090401t1999 xxu||||| |||| 00| 0 eng d | ||
| 035 | _a(Sirsi) u93672 | ||
| 041 | _aeng | ||
| 245 | _aShraff Tip Ltd v Highways Agency | ||
| 260 | _c1999 | ||
| 350 | _a0 | ||
| 490 |
_aRating & Valuation Reporter _v[1999] 39(4) RVR 64-70(7) |
||
| 650 | _aCAPITALISATION | ||
| 650 | _aCOMPENSATION | ||
| 650 |
_aCompulsory purchase _96228 |
||
| 650 | _aSHRAFF TIP LTD V HIGHWAYS AGENCY | ||
| 650 | _aVALUATION METHODS | ||
| 650 | _aWASTE TIP | ||
| 690 | _aENVIRONMENTAL AND LAND CONSULTANCY-PLANNING AND DEVELOPMENT-COMPULSORY PURCHASE AND COMPENSATION | ||
| 942 | _n0 | ||
| 948 | _c01/06/1999 | ||
| 999 |
_c59370 _d59370 |
||